Jack Nicholson Movies - Statistics

General Stats
  • This quiz has been taken 43 times
  • The average score is 11 of 23
Answer Stats
Release Year Costars Movie % Correct
1975 Danny DeVito, Christopher Lloyd One Flew Over the Cuckoo's Nest
93%
1969 Peter Fonda, Dennis Hopper Easy Rider
85%
1980 Shelley Duvall, Danny Lloyd The Shining
85%
1989 Michael Keaton, Kim Basinger Batman
83%
2006 Leonardo DiCaprio, Matt Damon The Departed
83%
1974 Faye Dunaway, John Huston Chinatown
76%
1997 Helen Hunt, Cuba Gooding Jr. As Good As It Gets
71%
1992 Tom Cruise, Demi Moore A Few Good Men
68%
1987 Michelle Pfeiffer, Cher The Witches of Eastwick
66%
2003 Adam Sandler, Marisa Tomei Anger Management
61%
2007 Morgan Freeman, Sean Hayes The Bucket List
51%
1981 Warren Beatty, Diane Keaton Reds
44%
1970 Karen Black, Billy Green Bush Five Easy Pieces
37%
2002 Hope Davis, Dermot Mulroney About Schmidt
34%
1994 Michelle Pfeiffer, Christopher Plummer Wolf
34%
1973 Randy Quaid, Otis Young The Last Detail
32%
1992 Danny DeVito, John C. Reilly Hoffa
27%
1985 Kathleen Turner, Robert Loggia Prizzi's Honor
22%
1986 Meryl Streep, Jeff Daniels Heartburn
20%
1996 Glenn Close, Pierce Brosnan Mars Attacks!
20%
1976 Marlon Brando, Randy Quaid The Missouri Breaks
20%
1990 Harvey Keitel, Meg Tilly The Two Jakes
10%
1983 Shirley MacLaine, Debra Winger Terms od Endearment
2%
No matching quizzes found
Score Distribution
Percent of People with Each Score
Percentile by Number Answered
Your Score History
You have not taken this quiz